Max Weber en Iberoamérica : (Registro nro. 14927)

Detalles MARC
000 -LIDER
fixed length control field 01278nam a22003377a 4500
003 - IDENTIFICACDOR DE NÚMERO DE CONTROL
control field DO-SdBPM
005 - DATE AND TIME OF LATEST TRANSACTION
control field 20250203110453.0
007 - CAMPOS FIJOS DE DESCRIPCIÓN FÍSICA
fixed length control field ta
008 - ELEMENTOS DE LONGITUD FIJA
fixed length control field 211108b2016 mx | 00| 0 spa d
020 ## - ISBN
International Standard Book Number 97860471621306
040 ## - FUENTE DE CATALOGACIÓN
Agencia que crea de manera original el registro DO-SdBPM
Idioma de catalogación spa
Agencia que realiza la transcripción BPMSU
082 #4 - NÚMERO DE CLASIFICACIÓN DECIMAL DE DEWEY
Classification number 301
Item number M833M 2016
Edition number 22
245 10 - MENCIÓN DE TITULO
Título Max Weber en Iberoamérica :
Subtítulo nuevas interpretaciones, estudios empíricos y recepción/
Mención de responsabilidad
250 ## - MENCIÓN DE EDICION
Mención de edición Álvaro Morcillo Laiz, Eduardo Weisz, editores.
260 ## - PUBLICACIÓN, DISTRIBUCIÓN, ETC. (PIE DE IMPRENTA)
Lugar de publicación, distribución, etc México D.F :
Nombre del editor, distribuidor, etc. Fondo de Cultura Económica ;
-- Fondo de Investigación y Docencia Económicas,
Fecha de publicación, distribución, etc 2016
300 ## - DESCRIPCIÓN FÍSICA
Extensión 703 páginas ;
Dimensiones 24 cm.
490 0# - MENCIÓN DE SERIES
Mención de serie Sociología
500 ## - NOTA GENERAL
Nota general
500 ## - NOTA GENERAL
Nota general Incluye referencias bibliográficas y notas al pie de las páginas.
504 ## - NOTA DE BIBLIOGRAFÍA, ETC.
Bibliography, etc Bibliografías (páginas 677-681) e índice.
590 ## - NOTA LOCAL
Texto de la nota local Inventariado, 2025 /VM<br/>
600 14 - ENCABEZAMIENTO DE MATERIA--NOMBRE PERSONAL
Nombre personal Weber, Max,
Fechas asociadas con el nombre 1864-1920
Subdivisión temática general Pensamiento político y social
600 14 - ENCABEZAMIENTO DE MATERIA--NOMBRE PERSONAL
Nombre personal Weber, Max,
Fechas asociadas con el nombre 1864-1920
Subdivisión temática general Crítica e interpretación.
650 #4 - ENCABEZAMIENTO DE MATERIA--TEMÁTICO
Término temático o nombre geográfico como elemento de entrada Sociología política
650 #4 - ENCABEZAMIENTO DE MATERIA--TEMÁTICO
Término temático o nombre geográfico como elemento de entrada Teología de la liberación
700 1# - ASIENTO SECUNDARIO -- NOMBRE PERSONAL
Nombre personal Weisz, Eduardo,
Mención de responsabilidad editor
700 1# - ASIENTO SECUNDARIO -- NOMBRE PERSONAL
Nombre personal Morcillo Laiz, Álvaro,
Mención de responsabilidad editor
710 2# - ASIENTO SECUNDARIO -- NOMBRE CORPORATIVO
Nombre corporativo o de jurisdicción Fondo de Cultura Económica
910 ## - VALIDACIÓN
Validación VMateo V. Control de calidad. BPMSU
942 ## - ADDED ENTRY ELEMENTS (KOHA)
Source of classification or shelving scheme Dewey Decimal Classification
Koha item type Libros
Existencias
Withdrawn status Lost status Source of classification or shelving scheme Damaged status Not for loan Collection code Home library Current library Date acquired Source of acquisition Total Checkouts Full call number Barcode Date last seen Price effective from Koha item type
    Dewey Decimal Classification     Colección General Biblioteca Pública Metropolitana Salomé Ureña Biblioteca Pública Metropolitana Salomé Ureña 02/03/2025 Fondo de Cultura Económica   BPMSU CG 301 M833M 2016 BPMSU25020002 02/03/2025 02/03/2025 Libros